Iam a Good Man But… (Record no. 689)

MARC details
000 -LEADER
fixed length control field 00341nam a22001457a 4500
003 - CONTROL NUMBER IDENTIFIER
control field OSt
005 - DATE AND TIME OF LATEST TRANSACTION
control field 20160727222406.0
008 - FIXED-LENGTH DATA ELEMENTS--GENERAL INFORMATION
fixed length control field 160624b xxu||||| |||| 00| 0 eng d
040 ## - CATALOGING SOURCE
Transcribing agency TEST
100 ## - MAIN ENTRY--PERSONAL NAME
9 (RLIN) 868
Personal name Ridenour, F
245 ## - TITLE STATEMENT
Title Iam a Good Man But…
260 ## - PUBLICATION, DISTRIBUTION, ETC. (IMPRINT)
Place of publication, distribution, etc. CALIFONIA
Name of publisher, distributor, etc. G/L
Date of publication, distribution, etc. 1967
300 ## - PHYSICAL DESCRIPTION
Extent Iam a Good Man But…
942 ## - ADDED ENTRY ELEMENTS (KOHA)
Source of classification or shelving scheme Dewey Decimal Classification
Koha item type BOOK
Holdings
Withdrawn status Lost status Source of classification or shelving scheme Damaged status Not for loan Home library Current library Shelving location Date acquired Total Checkouts Full call number Barcode Date last seen Price effective from Koha item type
    Dewey Decimal Classification     Good Samaritan School Library Good Samaritan School Library FICTION 06/24/2016   823 RID860 06/24/2016 06/24/2016 BOOK

Powered by Koha